000 00349nam a22001457a 4500
020 _qPB.
040 _cFizza Ishaq
082 _a657
_bWIL
100 _aJan, Williams.
_9129835
245 _aFinancial and Managerial Accounting /
_cWilliams Jan.
250 _a20th ed.
260 _bMcGraw Hill,
_c2023.
300 _a1280 P. ;
942 _2ddc
_cBK
999 _c614363
_d614363